[Event "World Blitz 2015"]
[Site "Berlin GER"]
[Date "2015.10.13"]
[Round "10.20"]
[White "Mamedov, Rauf"]
[Black "Akopian, Vladimir"]
[Result "1-0"]
[WhiteTitle "GM"]
[BlackTitle "GM"]
[WhiteElo "2657"]
[BlackElo "2648"]
[WhiteFideId "13401653"]
[BlackFideId "13300032"]
[EventDate "2015.10.13"]

1. e4 e6 2. Qe2 c5 3. g3 Nc6 4. c3 g6 5. Bg2 Bg7 6. Nf3 Nge7 7. O-O O-O 8. d3 b6
9. h4 d5 10. Rd1 dxe4 11. dxe4 Qc7 12. Na3 a6 13. Nc4 b5 14. Nd6 Rd8 15. e5 Rb8
16. Bf4 Nd5 17. Ng5 Nxf4 18. gxf4 Rf8 19. h5 Ne7 20. hxg6 fxg6 21. Bh3 Rxf4 22.
Bxe6+ Kh8 23. Qe3 Bxe6 24. Qxf4 Bg8 25. e6 Qb6 26. Qh4 h6 27. Ngf7+ Kh7 28. Qxe7
Qc6 29. Rd3 c4 30. Rh3 Bf8 31. Ng5+ Kh8 32. Qf6+ 1-0

[Event "World Blitz 2015"]
[Site "Berlin GER"]
[Date "2015.10.13"]
[Round "10.21"]
[White "Fedoseev, Vladimir3"]
[Black "Kravtsiv, Martyn"]
[Result "0-1"]
[WhiteTitle "GM"]
[BlackTitle "GM"]
[WhiteElo "2659"]
[BlackElo "2621"]
[WhiteFideId "24130737"]
[BlackFideId "14113147"]
[EventDate "2015.10.13"]

1. e4 e5 2. Nf3 Nc6 3. Bb5 a6 4. Ba4 Nf6 5. O-O b5 6. Bb3 Bb7 7. Re1 Be7 8. c3
O-O 9. d4 d6 10. Nbd2 exd4 11. cxd4 Nb4 12. d5 c5 13. dxc6 Bxc6 14. Nf1 a5 15.
Nd4 Bxe4 16. Ng3 d5 17. a3 a4 18. axb4 axb3 19. Rxa8 Qxa8 20. Bd2 Qa4 21. f3 Bc2
22. Qa1 Bd8 23. Bc3 Bb6 24. Qc1 Bxd4+ 25. Bxd4 Qxb4 26. Qe3 Qc4 27. Bxf6 gxf6
28. Nh5 Bg6 29. Nxf6+ Kh8 30. Nd7 Rd8 31. Qe5+ Kg8 32. Nf6+ Kf8 33. Nxd5 Qc5+
34. Kh1 0-1

[Event "World Blitz 2015"]
[Site "Berlin GER"]
[Date "2015.10.13"]
[Round "10.22"]
[White "Movsesian, Sergei"]
[Black "Morozevich, Alexander"]
[Result "1-0"]
[WhiteTitle "GM"]
[BlackTitle "GM"]
[WhiteElo "2658"]
[BlackElo "2711"]
[WhiteFideId "310204"]
[BlackFideId "4116992"]
[EventDate "2015.10.13"]

1. e4 c5 2. Nf3 e6 3. d4 cxd4 4. Nxd4 Nc6 5. Nc3 Qc7 6. Be3 a6 7. Qd2 Nf6 8.
O-O-O Be7 9. f3 b5 10. Kb1 Ne5 11. g4 h6 12. Rg1 b4 13. Na4 Rb8 14. h4 g5 15.
hxg5 hxg5 16. Bxg5 d6 17. Be3 Bd7 18. g5 Nxe4 19. fxe4 Bxa4 20. g6 Bd7 21. gxf7+
Nxf7 22. Be2 Ne5 23. Rh1 Bf6 24. Bg5 Rxh1 25. Rxh1 Qd8 26. Bh5+ Ke7 27. Bxf6+
Kxf6 28. Qh6+ Ke7 29. Qg7+ 1-0

[Event "World Blitz 2015"]
[Site "Berlin GER"]
[Date "2015.10.13"]
[Round "10.24"]
[White "Vitiugov, Nikita"]
[Black "Melkumyan, Hrant"]
[Result "1-0"]
[WhiteTitle "GM"]
[BlackTitle "GM"]
[WhiteElo "2725"]
[BlackElo "2622"]
[WhiteFideId "4152956"]
[BlackFideId "13302485"]
[EventDate "2015.10.13"]

1. Nf3 Nf6 2. g3 c5 3. Bg2 Nc6 4. c4 g6 5. b3 Bg7 6. Bb2 O-O 7. O-O d6 8. d4
cxd4 9. Nxd4 Bd7 10. Nc2 Qa5 11. Nc3 Rfc8 12. Rc1 Rab8 13. Ne3 a6 14. a4 Qh5 15.
Qd2 Bh6 16. Ncd5 Nxd5 17. cxd5 Ne5 18. f4 Ng4 19. Nxg4 Bxg4 20. Qd4 f6 21. e3
Bh3 22. Bxh3 Qxh3 23. Qe4 Kf7 24. Bd4 Qd7 25. Bb6 f5 26. Qd3 Bg7 27. Kg2 Bf6 28.
Kf3 h5 29. h3 Bb2 30. Rc2 Bf6 31. Rfc1 Rxc2 32. Qxc2 g5 33. fxg5 Bxg5 34. Qc7
Qxc7 35. Rxc7 Bf6 36. Ba7 Rg8 37. Bd4 h4 38. gxh4 Bxd4 39. exd4 b5 40. axb5 axb5
41. Rb7 Rg1 42. Rxb5 Rd1 43. Ke3 Rh1 44. Kf4 Kf6 45. Rb8 Rf1+ 46. Ke3 Re1+ 47.
Kf3 Rf1+ 48. Ke3 Re1+ 49. Kf3 Re4 50. Rf8+ Kg6 51. h5+ Kg5 52. h6 Rh4 53. Kg3
f4+ 54. Kg2 Kg6 55. b4 f3+ 56. Rxf3 Rxd4 57. Re3 Rxd5 58. Rxe7 Kxh6 59. Kf3 Rd4
60. Re4 Rd3+ 61. Re3 Rd5 62. Rb3 Rb5 63. Ke4 Kg5 64. Kd4 Kf6 65. Kc4 Rb6 66. Kd5
Ke7 67. b5 Kd7 68. h4 Kc7 69. h5 Rb8 70. h6 Rh8 71. Rh3 Rh7 72. b6+ Kxb6 73.
Kxd6 Kb7 74. Ke6 Kc8 75. Kf6 Kd8 76. Kg6 Rh8 77. Kg7 Re8 78. h7 1-0

[Event "World Blitz 2015"]
[Site "Berlin GER"]
[Date "2015.10.13"]
[Round "10.25"]
[White "Zhang, Zhong"]
[Black "Fressinet, Laurent"]
[Result "0-1"]
[WhiteTitle "GM"]
[BlackTitle "GM"]
[WhiteElo "2619"]
[BlackElo "2702"]
[WhiteFideId "8600694"]
[BlackFideId "608742"]
[EventDate "2015.10.13"]

1. e4 e5 2. Nf3 Nc6 3. d4 exd4 4. Nxd4 Qf6 5. Nxc6 Bc5 6. Qf3 dxc6 7. Bc4 Qg6 8.
Nc3 Nf6 9. h3 Be6 10. Bd3 Nd7 11. Bf4 Bd4 12. Bxc7 Ne5 13. Bxe5 Bxe5 14. O-O Qg5
15. Rab1 O-O 16. a3 Rad8 17. Ne2 Rd6 18. Ng3 g6 19. Rfe1 c5 20. b3 Rfd8 21. a4
b6 22. Nf1 Bd4 23. Ne3 h5 24. Nc4 Bxc4 25. e5 Bd5 26. h4 Qh6 27. Be4 Bxe4 28.
Rxe4 Re6 29. Rbe1 Rde8 30. Qg3 Qg7 31. c3 Bxe5 32. f4 Bd4+ 0-1

[Event "World Blitz 2015"]
[Site "Berlin GER"]
[Date "2015.10.13"]
[Round "10.26"]
[White "Borisek, Jure"]
[Black "Tomashevsky, Evgeny"]
[Result "0-1"]
[WhiteTitle "GM"]
[BlackTitle "GM"]
[WhiteElo "2565"]
[BlackElo "2758"]
[WhiteFideId "14603152"]
[BlackFideId "4147235"]
[EventDate "2015.10.13"]

1. e4 c6 2. d4 d5 3. e5 Bf5 4. Nf3 e6 5. Be2 Ne7 6. O-O h6 7. Nbd2 Nd7 8. Nb3
Qc7 9. Bd2 g5 10. Rc1 a5 11. a4 Bg7 12. Qe1 b6 13. c4 O-O 14. Qd1 f6 15. cxd5
exd5 16. exf6 Nxf6 17. Re1 Ne4 18. Be3 Qd6 19. Nbd2 Ng6 20. Nxe4 Bxe4 21. Nd2
Bf5 22. Nf1 Nf4 23. Ng3 Bg6 24. Bf1 h5 25. Rc3 h4 26. Ne2 Rae8 27. Nxf4 gxf4 28.
Bc1 Rxe1 29. Qxe1 Bxd4 30. Rh3 Qf6 31. Qd1 Bf5 32. Rb3 Qg7 33. Bxf4 Bc2 34. Qxc2
Rxf4 35. Kh1 Rxf2 36. Qd1 Qf6 37. Rf3 Rxf3 38. gxf3 Bxb2 39. Bd3 Be5 40. Qg1+
Kf7 41. Qe3 Qf4 42. Qxf4+ Bxf4 43. Kg2 Ke6 44. Kh3 Kd6 45. Kxh4 Bxh2 46. Kg5 Kc5
47. f4 b5 48. f5 bxa4 49. f6 a3 50. f7 Bd6 51. Bb1 Kb4 52. Kf5 Kb3 0-1

[Event "World Blitz 2015"]
[Site "Berlin GER"]
[Date "2015.10.13"]
[Round "10.28"]
[White "Nguyen, Ngoc Truong Son"]
[Black "Hausrath, Daniel"]
[Result "1-0"]
[WhiteTitle "GM"]
[BlackTitle "GM"]
[WhiteElo "2634"]
[BlackElo "2503"]
[WhiteFideId "12401110"]
[BlackFideId "4617495"]
[EventDate "2015.10.13"]

1. e4 c5 2. Nf3 Nc6 3. Bb5 Nf6 4. Bxc6 dxc6 5. d3 g6 6. h3 Bg7 7. O-O Nd7 8. Nc3
e5 9. Be3 Qe7 10. a3 Nf8 11. Na4 Ne6 12. b4 b6 13. c4 Nd4 14. bxc5 bxc5 15. Nd2
O-O 16. Nb3 Qh4 17. Naxc5 Rd8 18. Bxd4 exd4 19. f4 Bf8 20. Qf3 Rb8 21. Rab1 a5
22. e5 Bf5 23. Ne4 Bxe4 24. Qxe4 a4 25. Na5 Rxb1 26. Rxb1 Bxa3 27. Nxc6 Re8 28.
Ra1 Bb2 29. Rxa4 Bc1 30. Nxd4 Bxf4 31. Nf3 Qg3 32. d4 Kg7 33. Ra1 Rb8 34. Qe1
Qxe1+ 35. Rxe1 Rb4 36. c5 Bg3 37. Rc1 Bf4 38. Rd1 Rc4 39. Kf1 Bg3 40. Ke2 h5 41.
Kd3 Ra4 42. Rc1 Bf4 43. Rc3 g5 44. c6 g4 45. hxg4 hxg4 46. c7 gxf3 47. gxf3 1-0

[Event "World Blitz 2015"]
[Site "Berlin GER"]
[Date "2015.10.13"]
[Round "10.29"]
[White "Demuth, Adrien"]
[Black "Ponkratov, Pavel"]
[Result "1/2-1/2"]
[WhiteTitle "GM"]
[BlackTitle "GM"]
[WhiteElo "2545"]
[BlackElo "2604"]
[WhiteFideId "642274"]
[BlackFideId "4157800"]
[EventDate "2015.10.13"]

1. Nf3 Nf6 2. c4 e6 3. g3 b6 4. Bg2 Bb7 5. O-O c5 6. Nc3 Be7 7. d4 cxd4 8. Qxd4
O-O 9. b3 d6 10. Ba3 Na6 11. Rfd1 Nc5 12. Rac1 Qb8 13. Bb2 a6 14. Ne1 Rd8 15. e4
Qc7 16. Qe3 Rac8 17. Nd3 Qb8 18. Nf4 Qa8 19. f3 b5 20. cxb5 axb5 21. Nxb5 Qxa2
22. Bxf6 gxf6 23. Nh5 Kh8 24. Qh6 Rg8 25. Nxd6 Rg6 26. Qe3 Bxd6 27. Rxd6 Qa5 28.
Rdd1 h6 29. Nf4 Rg5 30. Qc3 Qxc3 31. Rxc3 Rb8 32. b4 Na6 33. Rb1 Bc8 34. Bf1
Nxb4 35. Rcb3 e5 36. Nh3 Bxh3 37. Bxh3 Kg7 38. Rxb4 Rd8 39. Bf5 h5 40. R1b2 h4
41. g4 Kh6 42. h3 Rgg8 43. Rb6 Kg5 44. Kf2 Rd1 45. Kg2 Rgd8 46. Rb8 R8d3 47.
R8b7 Kf4 48. Rf2 Ra3 49. Rf1 Ra2+ 50. Rf2 Raa1 51. Rfb2 Rg1+ 52. Kf2 Raf1+ 53.
Ke2 Rxf3 54. Rd2 Rxh3 55. Rxf7 Rhg3 56. Rxf6 h3 57. Bc8+ Kg5 58. Rf5+ Kh6 59.
Rd6+ Kg7 60. Rd7+ Kg6 61. Rd6+ Kg7 62. Rg5+ Kf7 63. Rf5+ Kg7 64. Rd7+ Kg6 65.
Rd6+ Kg7 1/2-1/2

[Event "World Blitz 2015"]
[Site "Berlin GER"]
[Date "2015.10.13"]
[Round "10.30"]
[White "Navara, David"]
[Black "Sasikiran, Krishnan"]
[Result "0-1"]
[WhiteTitle "GM"]
[BlackTitle "GM"]
[WhiteElo "2734"]
[BlackElo "2639"]
[WhiteFideId "309095"]
[BlackFideId "5004985"]
[EventDate "2015.10.13"]

1. e4 e5 2. Nf3 Nc6 3. Bb5 a6 4. Ba4 Nf6 5. O-O Be7 6. Re1 b5 7. Bb3 d6 8. c3
O-O 9. h3 Nb8 10. d4 Nbd7 11. Nbd2 Bb7 12. Bc2 Re8 13. a4 Bf8 14. Bd3 c6 15. b3
g6 16. Qc2 Rc8 17. axb5 axb5 18. Bb2 Nh5 19. Bf1 Nf4 20. g3 Ne6 21. h4 exd4 22.
cxd4 d5 23. Bh3 c5 24. exd5 Bxd5 25. Bxe6 Rxe6 26. Rxe6 Bxe6 27. dxc5 Rxc5 28.
Qd3 Bg7 29. Bxg7 Kxg7 30. Ne4 Rd5 31. Qc3+ f6 32. Nd4 Bf7 33. Ng5 Qb6 34. Ndf3
b4 35. Qb2 Bg8 36. Re1 Qd6 37. Ne4 Qb6 38. Ned2 Qd8 39. Re4 Nc5 40. Rxb4 Qe7 41.
Rb6 Rd3 42. Qa3 Bd5 43. Rb5 Rxd2 44. Nxd2 Qe1+ 45. Nf1 Qe4 46. Qa7+ Kh6 47. f3
Qxf3 0-1

[Event "World Blitz 2015"]
[Site "Berlin GER"]
[Date "2015.10.13"]
[Round "10.32"]
[White "Munoz Pantoja, Miguel"]
[Black "Dreev, Aleksey"]
[Result "1/2-1/2"]
[WhiteTitle "GM"]
[BlackTitle "GM"]
[WhiteElo "2441"]
[BlackElo "2644"]
[WhiteFideId "3800229"]
[BlackFideId "4100107"]
[EventDate "2015.10.13"]

1. e4 c6 2. Nc3 d5 3. Nf3 Bg4 4. Be2 e6 5. O-O Nf6 6. e5 Nfd7 7. d4 Be7 8. Ne1
Bxe2 9. Nxe2 c5 10. c3 Nc6 11. Nd3 Qb6 12. dxc5 Bxc5 13. b4 Be7 14. Be3 Qc7 15.
f4 O-O 16. Nd4 Rac8 17. Rf3 Nxd4 18. Bxd4 f5 19. Rh3 Rf7 20. Qf3 b6 21. Kh1 Qc4
22. g4 Nf8 23. Nb2 Qa6 24. a4 Ng6 25. g5 Nf8 26. Rg3 g6 27. Qd3 Qb7 28. a5 b5
29. Qe3 a6 30. h4 h5 31. gxh6 Bxh4 32. Rh3 Be7 33. Rg1 Kh7 34. Nd3 Qd7 35. Ne1
g5 36. fxg5 Ng6 37. Nf3 Qe8 38. Ne1 f4 39. Qd3 Rf5 40. Nf3 Qf7 41. Rh2 Rg8 42.
Rg4 Bd8 43. Rh3 Bc7 44. Rh2 Rh8 45. Rh3 Kg8 46. Qe2 Kf8 47. Rh2 Ke7 48. Qe1 Kd7
49. Qe2 Rh7 50. Qe1 Qe8 51. Qe2 Qb8 52. Qe1 Qg8 53. Qe2 Rh8 54. Qe1 Bd8 55. Qe2
Be7 56. Qe1 Qc8 57. Qe2 Qe8 58. Qe1 Rff8 59. Qe2 Qf7 60. Qd3 Rfg8 61. Kg2 Bd8
62. Kf1 Bc7 63. Ke2 Bd8 64. Kd1 Be7 65. Kc2 Rh7 66. Kb3 Qe8 67. Bf2 Rhh8 68. Qd4
Qb8 69. Qd3 Qc8 70. Bd4 Qf8 71. Kb2 Qc8 72. Kb3 Qf8 73. Kb2 Qd8 1/2-1/2

[Event "World Blitz 2015"]
[Site "Berlin GER"]
[Date "2015.10.13"]
[Round "10.35"]
[White "Seirawan, Yasser"]
[Black "Iturrizaga Bonelli, Eduardo"]
[Result "0-1"]
[WhiteTitle "GM"]
[BlackTitle "GM"]
[WhiteElo "2620"]
[BlackElo "2641"]
[WhiteFideId "2000032"]
[BlackFideId "3901211"]
[EventDate "2015.10.13"]

1. c4 b6 2. Nc3 Bb7 3. d4 Nf6 4. Nf3 d5 5. Bg5 e6 6. cxd5 exd5 7. g3 Be7 8. Bg2
O-O 9. O-O h6 10. Bxf6 Bxf6 11. Ne5 c5 12. e3 Na6 13. Ng4 Nc7 14. Nxf6+ Qxf6 15.
dxc5 bxc5 16. Na4 Ne6 17. Rc1 Rac8 18. Bxd5 Rfd8 19. e4 Nd4 20. Bxb7 Nf3+ 21.
Kg2 Rxd1 22. Rfxd1 Re8 23. Nxc5 Ne5 24. f4 Nc4 25. Rxc4 Qxb2+ 26. Kf3 Qxh2 27.
Rcd4 Qh5+ 28. Kf2 Qxc5 29. Bd5 Rb8 30. Bb3 Rb4 31. Ke3 Rxd4 32. Rxd4 g5 33. e5
Kg7 34. Ke4 Qc6+ 35. Rd5 g4 36. f5 Qc3 37. Rd7 Qf3+ 38. Kd4 Qf2+ 39. Kd5 Qd2+
40. Kc6 Qc3+ 41. Kb7 Qf3+ 42. Kxa7 Qe3+ 43. Kb7 Qe4+ 44. Bd5 Qxe5 45. Rxf7+ Kg8
46. Rd7+ Kf8 47. a4 Qxg3 48. a5 Qd3 49. Bc6 Qb3+ 50. Kc7 Qa3 51. Kb6 g3 52. a6
Qb4+ 53. Kc7 Qa5+ 54. Kb7 Qb4+ 55. Kc7 Qf4+ 56. Kb7 Qb4+ 57. Kc7 Qa3 58. Kb7 g2
59. Bxg2 Qb2+ 60. Ka8 0-1

[Event "World Blitz 2015"]
[Site "Berlin GER"]
[Date "2015.10.13"]
[Round "10.37"]
[White "Lagno, Kateryna"]
[Black "Guseinov, Gadir"]
[Result "1-0"]
[WhiteTitle "GM"]
[BlackTitle "GM"]
[WhiteElo "2523"]
[BlackElo "2634"]
[WhiteFideId "14109336"]
[BlackFideId "13401378"]
[EventDate "2015.10.13"]

1. Nf3 g6 2. e4 c5 3. d4 cxd4 4. Qxd4 Nf6 5. e5 Nc6 6. Qa4 Nd5 7. Qe4 Nb6 8. Nc3
Bg7 9. Bg5 h6 10. Bh4 d5 11. exd6 Qxd6 12. Nb5 Qc5 13. Nc7+ Kf8 14. Nxa8 Bxb2
15. Nxb6 Bc3+ 16. Nd2 axb6 17. Rd1 Bf5 18. Qc4 Qe5+ 19. Be2 Nd4 20. Bg3 Qe4 21.
O-O Nxe2+ 22. Kh1 Qxc4 23. Nxc4 Nxg3+ 24. hxg3 Kg7 25. Nxb6 e6 26. Rd7 h5 27.
Nc4 h4 28. g4 Bxg4 29. Nd6 Rf8 30. Rb1 e5 31. Re7 Bd4 32. Rbxb7 Bc5 33. Rxf7+
Rxf7 34. Rxf7+ Kg8 35. Ne4 Kxf7 36. Nxc5 Bd1 37. a4 Ke7 38. a5 Kd6 39. a6 1-0

[Event "World Blitz 2015"]
[Site "Berlin GER"]
[Date "2015.10.13"]
[Round "10.38"]
[White "Bauer, Christian"]
[Black "Ganguly, Surya Shekhar"]
[Result "0-1"]
[WhiteTitle "GM"]
[BlackTitle "GM"]
[WhiteElo "2623"]
[BlackElo "2652"]
[WhiteFideId "603767"]
[BlackFideId "5002150"]
[EventDate "2015.10.13"]

1. b3 e5 2. Bb2 Nc6 3. e3 Nf6 4. c4 g6 5. Nf3 d6 6. d3 Bg7 7. Be2 O-O 8. Nbd2
Nd7 9. Rb1 f5 10. O-O Nf6 11. a3 h6 12. b4 g5 13. b5 Ne7 14. c5 Ng6 15. cxd6
cxd6 16. Qb3+ Kh7 17. Rfc1 Qe7 18. Qc4 Rf7 19. a4 Be6 20. Qb4 f4 21. Ne4 Nxe4
22. dxe4 g4 23. Ne1 f3 24. Bc4 Raf8 25. g3 h5 26. Ba3 Rd8 27. Bxe6 Qxe6 28. Qc4
Qf6 29. Rd1 h4 30. Rxd6 Rxd6 31. Bxd6 hxg3 32. hxg3 Bh6 33. Nc2 Kg7 34. Rd1 Rd7
35. Qd5 Kh7 36. Qc5 Bf8 37. Qc8 Rxd6 38. Rxd6 Qxd6 39. Ne1 Qd1 40. Qxg4 Qxe1+
41. Kh2 Qxf2+ 0-1

[Event "World Blitz 2015"]
[Site "Berlin GER"]
[Date "2015.10.13"]
[Round "10.39"]
[White "Bluebaum, Matthias"]
[Black "Anton Guijarro, David"]
[Result "1-0"]
[WhiteTitle "GM"]
[BlackTitle "GM"]
[WhiteElo "2588"]
[BlackElo "2634"]
[WhiteFideId "24651516"]
[BlackFideId "2285525"]
[EventDate "2015.10.13"]

1. d4 Nf6 2. c4 e6 3. g3 c5 4. Nf3 b6 5. Bg2 Bb7 6. d5 exd5 7. cxd5 d6 8. Nc3 g6
9. O-O Bg7 10. e4 O-O 11. a4 Na6 12. Bf4 Nb4 13. Re1 Re8 14. Qd2 Nh5 15. Bg5 Qd7
16. Rad1 Ba6 17. Bf1 Bxf1 18. Rxf1 a6 19. Kg2 Nf6 20. Rfe1 Ng4 21. Bf4 c4 22. h3
Ne5 23. Nxe5 Bxe5 24. Bxe5 Rxe5 25. f4 Ree8 26. e5 Nd3 27. Ne4 Qb7 28. Nf6+ Kg7
29. Qc3 Nxe1+ 30. Rxe1 dxe5 31. fxe5 Qe7 32. Nxe8+ Rxe8 33. Qxc4 Qg5 34. Qd4 Rc8
35. e6+ f6 36. Re2 Qf5 37. e7 Qd7 38. Re6 Rc2+ 39. Kf3 1-0

[Event "World Blitz 2015"]
[Site "Berlin GER"]
[Date "2015.10.13"]
[Round "10.40"]
[White "Milanovic, Danilo"]
[Black "Safarli, Eltaj"]
[Result "0-1"]
[WhiteTitle "GM"]
[BlackTitle "GM"]
[WhiteElo "2469"]
[BlackElo "2657"]
[WhiteFideId "915483"]
[BlackFideId "13402129"]
[EventDate "2015.10.13"]

1. d4 Nf6 2. c4 g6 3. f3 Nc6 4. d5 Ne5 5. Qa4 b5 6. cxb5 d6 7. e4 Bg7 8. Nc3 O-O
9. f4 Ned7 10. Nf3 a6 11. bxa6 Nc5 12. Qc2 e6 13. dxe6 Bxe6 14. Be2 Nxa6 15. O-O
Nb4 16. Qb1 Qb8 17. Kh1 Qa7 18. a3 Ng4 19. h3 Nf6 20. Bd2 Nh5 21. Kh2 Nc6 22.
Qe1 Rab8 23. b4 Rfe8 24. Rc1 Ra8 25. Ng5 Nf6 26. Nxe6 fxe6 27. Bb5 Qb6 28. a4
Re7 29. e5 dxe5 30. fxe5 Nh5 31. Nd5 exd5 32. Rxc6 Qd4 33. Bc3 Bxe5+ 34. Kh1 Qe4
35. Bxe5 Rxe5 36. Qf2 Rf5 37. Qe1 Rxf1+ 38. Qxf1 Ng3+ 39. Kh2 Nxf1+ 0-1

[Event "World Blitz 2015"]
[Site "Berlin GER"]
[Date "2015.10.13"]
[Round "10.41"]
[White "Hjartarson, Johann"]
[Black "Hirneise, Tobias"]
[Result "1/2-1/2"]
[WhiteTitle "GM"]
[BlackTitle "IM"]
[WhiteElo "2529"]
[BlackElo "2457"]
[WhiteFideId "2300044"]
[BlackFideId "24600881"]
[EventDate "2015.10.13"]

1. c4 c5 2. Nf3 Nc6 3. Nc3 Nf6 4. e3 e6 5. d4 d5 6. a3 a6 7. dxc5 Bxc5 8. b4 Be7
9. Bb2 O-O 10. cxd5 exd5 11. Be2 Bg4 12. O-O Rc8 13. Rc1 Re8 14. Re1 Bf8 15. h3
Bh5 16. b5 axb5 17. Nxb5 Ne4 18. Nfd4 Bxe2 19. Qxe2 Ne5 20. Nf5 Nc4 21. Bd4 Qg5
22. Qg4 Qxg4 23. hxg4 g6 24. Nh4 Nxa3 25. Nc7 Red8 26. Nf3 Nc4 27. Nb5 Ned6 28.
Nxd6 Nxd6 29. Rb1 Bg7 30. Red1 Rd7 31. Bxg7 Kxg7 32. Nd4 Nc4 33. Rb5 Na3 34. Rb3
Nc4 35. Rb5 Na3 36. Rb3 Nc4 37. Rb5 1/2-1/2

[Event "World Blitz 2015"]
[Site "Berlin GER"]
[Date "2015.10.13"]
[Round "10.42"]
[White "Nepomniachtchi, Ian"]
[Black "Bindrich, Falko"]
[Result "0-1"]
[WhiteTitle "GM"]
[BlackTitle "GM"]
[WhiteElo "2705"]
[BlackElo "2594"]
[WhiteFideId "4168119"]
[BlackFideId "4676670"]
[EventDate "2015.10.13"]

1. e4 e5 2. Nf3 Nc6 3. c3 Nf6 4. d4 d6 5. d5 Ne7 6. Bd3 Ng6 7. c4 Be7 8. Nc3 O-O
9. g3 Bd7 10. h4 Bg4 11. Be2 h6 12. Nd2 Bd7 13. h5 Nh8 14. Nb3 a5 15. Be3 a4 16.
Nd2 c6 17. a3 Nh7 18. Bg4 Bxg4 19. Qxg4 Nf6 20. Qe2 Nd7 21. O-O-O Bg5 22. f4 Bf6
23. f5 Bg5 24. Nf1 Nc5 25. Kb1 Nb3 26. Nd2 Nd4 27. Bxd4 exd4 28. Na2 c5 29. Nf3
Re8 30. Qd3 f6 31. Nc1 Nf7 32. Rhe1 Be3 33. Ne2 Qe7 34. Nc3 dxc3 35. Rxe3 cxb2
36. Rd2 b5 37. cxb5 Rab8 38. Rxb2 Rb6 39. Qc4 Reb8 40. Qxa4 Ne5 41. Nxe5 Qxe5
42. Reb3 R8b7 43. Ka2 Kh7 44. Qc4 Qe7 45. a4 Ra7 46. Qd3 Rxa4+ 47. Ra3 Rxe4 48.
Qc3 Rb4 49. Ra5 Qe4 50. Rxb4 cxb4 51. Qd2 Qc4+ 52. Kb2 Rxb5 53. Rxb5 Qxb5 54.
Kb3 Qf1 55. Qf4 Qb1+ 56. Ka4 Qa2+ 57. Kxb4 Qxd5 58. Qg4 Qb7+ 59. Kc3 Qc8+ 60.
Kd2 Kh8 61. Qf3 Qe8 62. g4 Qc8 63. Qd5 Qb8 64. Ke2 Qe8+ 65. Kf3 Qe5 66. Qa8+ Kh7
67. Qb7 Qc3+ 68. Kg2 Qc2+ 69. Kh3 Qd3+ 70. Kg2 Qd2+ 71. Kg3 Qe3+ 72. Kg2 Qf4 73.
Kh3 Qe3+ 74. Kg2 Qd2+ 75. Kh3 Qc3+ 76. Kg2 Qc4 77. Kh3 Qg8 78. Qd7 d5 79. Kg2
Qa8 80. Kg3 Qb8+ 81. Kg2 Qb3 82. Qf7 Qc2+ 83. Kh3 Qe4 84. Qb7 Qe3+ 85. Kg2 Qe2+
86. Kg3 Qe3+ 87. Kg2 d4 88. Qf3 Qe5 89. Qd3 Qf4 90. Qf3 Qd2+ 91. Qf2 Qc3 92. Qf3
d3 93. Kf2 Qc2+ 94. Kg3 d2 95. g5 hxg5 96. h6 d1=Q 97. Qxd1 Qxd1 0-1

[Event "World Blitz 2015"]
[Site "Berlin GER"]
[Date "2015.10.13"]
[Round "10.43"]
[White "Schneider, Ilja"]
[Black "Salem, A.R. Saleh"]
[Result "0-1"]
[WhiteTitle "IM"]
[BlackTitle "GM"]
[WhiteElo "2481"]
[BlackElo "2624"]
[WhiteFideId "4663306"]
[BlackFideId "9301348"]
[EventDate "2015.10.13"]

1. d4 Nf6 2. Bg5 Ne4 3. Bf4 c5 4. f3 Qa5+ 5. c3 Nf6 6. Nd2 cxd4 7. Nb3 Qb6 8.
Qxd4 Nc6 9. Qxb6 axb6 10. Nd4 e5 11. Nxc6 exf4 12. Nd4 Nd5 13. g3 Bd6 14. e4
fxe3 15. Bc4 Ne7 16. O-O-O Bb8 17. Nge2 d5 18. Bb5+ Kf8 19. a3 h5 20. Nc2 Nf5
21. Rxd5 Ke7 22. Ned4 Nxd4 23. Rxd4 Ra5 24. a4 e2 25. Re1 h4 26. Rxe2+ Be6 27.
Rxh4 Rxh4 28. gxh4 Kf6 29. Nd4 Bd5 30. b4 Ra8 31. c4 Bf4+ 32. Kc2 Be6 33. Nxe6
fxe6 34. Kb3 Rd8 35. c5 bxc5 36. bxc5 Rd1 37. c6 bxc6 38. Bxc6 Rb1+ 39. Kc4 Ra1
40. Kb5 Rb1+ 41. Ka6 Bc7 42. Bb5 Ra1 43. Kb7 Bf4 44. h5 e5 45. h3 Ra3 46. Rf2
Be3 47. Rf1 Bd4 48. Bc6 Kg5 49. Ka6 Kxh5 50. Bb5 Kh4 51. a5 Bc3 52. f4 e4 53.
Kb6 Bxa5+ 54. Kc5 e3 55. Kd4 Bb6+ 56. Ke4 Kg3 57. Rf3+ Kg2 58. Bf1+ Kg1 59. f5
Ra1 60. Be2 Ra2 61. Rxe3 Bxe3 62. Kxe3 Kg2 63. Bg4 Ra4 64. Kd3 Kg3 65. Ke3 Rb4
66. Kd3 Kf4 67. Kc3 Ra4 68. Kd3 Rb4 0-1

[Event "World Blitz 2015"]
[Site "Berlin GER"]
[Date "2015.10.13"]
[Round "10.44"]
[White "Rakhmanov, Aleksandr"]
[Black "Khairullin, Ildar"]
[Result "0-1"]
[WhiteTitle "GM"]
[BlackTitle "GM"]
[WhiteElo "2637"]
[BlackElo "2652"]
[WhiteFideId "4173708"]
[BlackFideId "4151348"]
[EventDate "2015.10.13"]

1. c4 Nf6 2. Nc3 c5 3. g3 d5 4. cxd5 Nxd5 5. Bg2 Nc7 6. d3 e5 7. Qb3 Nc6 8.
Bxc6+ bxc6 9. Qa4 Qd7 10. Nf3 f6 11. h4 h5 12. Qe4 Rb8 13. Qg6+ Kd8 14. Ne4 Ne6
15. Kf1 Be7 16. Ned2 Qd5 17. a3 Bd7 18. Qe4 Nd4 19. Nxd4 cxd4 20. Qxd5 cxd5 21.
b4 Ba4 22. Kg2 Kd7 23. Bb2 Rhc8 24. Rhc1 Ke6 25. Rxc8 Rxc8 26. Rc1 Rxc1 27. Bxc1
Bd1 28. Kf1 Bc2 29. Nf3 Kd7 30. Ke1 Ba4 31. Kd2 Kc6 32. Bb2 Kb6 33. Bc1 a5 34.
bxa5+ Kxa5 35. Ne1 Bb3 36. Nc2 Bxc2 37. Kxc2 Ka4 38. Bd2 Bxa3 39. Be1 Bb4 40.
Bxb4 Kxb4 41. Kb2 g6 42. f3 f5 43. f4 e4 44. Kc2 Ka3 45. Kc1 Kb3 46. Kd2 Kb2 47.
dxe4 dxe4 0-1

[Event "World Blitz 2015"]
[Site "Berlin GER"]
[Date "2015.10.13"]
[Round "10.45"]
[White "Schmaltz, Roland"]
[Black "Kovalenko, Igor"]
[Result "0-1"]
[WhiteTitle "GM"]
[BlackTitle "GM"]
[WhiteElo "2504"]
[BlackElo "2700"]
[WhiteFideId "4614054"]
[BlackFideId "14117908"]
[EventDate "2015.10.13"]

1. e4 c6 2. d4 d5 3. e5 Bf5 4. Nf3 e6 5. Be2 Nd7 6. O-O h6 7. Nbd2 Ne7 8. Nb3 g5
9. Ne1 Qc7 10. a4 Bg7 11. a5 c5 12. c3 c4 13. Nd2 a6 14. g3 O-O-O 15. b3 cxb3
16. Qxb3 Nc6 17. Ba3 Bf8 18. Bxf8 Rdxf8 19. Qa4 f6 20. exf6 Rxf6 21. Ng2 h5 22.
f4 gxf4 23. Rxf4 h4 24. Rxh4 Rxh4 25. Nxh4 Bh3 26. Nhf3 Kb8 27. Qa3 e5 28. dxe5
Ndxe5 29. Qc5 Ng4 30. Qxd5 Ne7 31. Qg5 Qxc3 32. Rb1 Qc2 33. Re1 Nf5 34. Qf4+ Ka7
35. Ne4 Nxg3 36. Qxg3 Qxe4 37. Bd1 Qh7 38. Ng5 Qf5 39. Qxh3 Qc5+ 40. Kh1 Nf2+
41. Kg2 Nxh3 0-1